| 000 | 00645nam a22002057a 4500 | ||
|---|---|---|---|
| 010 | _aA-899318 | ||
| 020 | _a8125011919 | ||
| 035 | _aA-899318 | ||
| 037 | _bCen Lib / Ret | ||
| 040 |
_aDPL _bEn |
||
| 082 |
_a340 _bAHU |
||
| 100 | _aAhuja, Sangeeta | ||
| 245 |
_aPeople, law, and justice : _ba casebook of public-interest litigation / _cby Sangeeta Ahuja |
||
| 260 |
_aNew Delhi _bOrient Longman _c1997 |
||
| 270 |
_a3-6, 272 Himayatnagar, _b Hyderabad _e500029 |
||
| 300 |
_a(v 2. 409-895p) _b24cm |
||
| 650 | _a Public interest law -- India -- Cases. | ||
| 650 | _aPublic interest law. | ||
| 942 |
_2ddc _cEN _h340 _mAHU |
||
| 999 |
_c136765 _d136765 |
||